Наша жизнь с богом (Запись № 1529072)

Подробности
000 -МАРКЕР
контрольное поле 01394nam1a2200277 i 4500
001 - ИДЕНТИФИКАТОР ЗАПИСИ
контрольное поле RU\NLR\bibl\266170
005 - ИДЕНТИФИКАТОР ВЕРСИИ
контрольное поле 20241115064739.0
035 ## - ДРУГИЕ СИСТЕМНЫЕ НОМЕРА
Идентификатор записи (NLR Aleph) 000261743
100 ## - ДАННЫЕ ОБЩЕЙ ОБРАБОТКИ
Данные общей обработки 20020522g20019999u y0rusy50 ca
101 0# - ЯЗЫК РЕСУРСА
Язык текста, звукозаписи и т.д. русский
102 ## - СТРАНА ПУБЛИКАЦИИ ИЛИ ПРОИЗВОДСТВА
Страна публикации Российская Федерация
105 ## - ПОЛЕ КОДИРОВАННЫХ ДАННЫХ: ТЕКСТОВЫЕ МАТЕРИАЛЫ, МОНОГРАФИЧЕСКИЕ
Кодированные данные о монографическом текстовом документе y |||||||||
200 1# - ЗАГЛАВИЕ И СВЕДЕНИЯ ОБ ОТВЕТСТВЕННОСТИ
Основное заглавие Наша жизнь с богом
Сведения, относящиеся к заглавию Руководство для преподавателя к пособию по катехизации для детей мл. шк. возраста (7-10 лет)
-- Первый год обучения
Первые сведения об ответственности Проф. Свято-Владим. духов. семинарии Констанция Тарасар
Последующие сведения об ответственности Отд. религ. образования и катехизации Рус. Православ. Церкви, Отд. образования Православ. Автокеф. Церкви Америки
210 ## - ПУБЛИКАЦИЯ, РАСПРОСТРАНЕНИЕ И ДР.
Место издания, распространения и т.д. СПб.
Имя издателя, распространителя и т. д. С.-Петерб. христиан. просветит. о-во "Кредо"
Дата издания, распространения и т.д. 2001
215 ## - ФИЗИЧЕСКАЯ ХАРАКТЕРИСТИКА
Размеры 28
463 #0 - УРОВЕНЬ ФИЗИЧЕСКОЙ ЕДИНИЦЫ
Встроенное поле 001246863
606 ## - НАИМЕНОВАНИЕ ТЕМЫ КАК ПРЕДМЕТ
Наименование темы Православное воспитание детей
Системный номер авторитетной/нормативной записи 2074542
Идентификатор авторитетной/нормативной записи RU\NLR\auth\661249546
686 ## - ИНДЕКСЫ ДРУГИХ КЛАССИФИКАЦИЙ
Индекс Э372.24-681.7
700 #1 - ИМЯ ЛИЦА - ПЕРВИЧНАЯ ОТВЕТСТВЕННОСТЬ
Начальный элемент ввода Тарасар
Часть имени, кроме начального элемента ввода К.
Расширение инициалов личного имени Констанция
Код отношения Автор
801 #0 - ИСТОЧНИК ЗАПИСИ
Страна Российская Федерация
Организация NLR
Дата составления 20020522
Правила каталогизации PSBO
801 #1 - ИСТОЧНИК ЗАПИСИ
Страна Российская Федерация
Организация NLR
Дата составления 20020522
852 ## - МЕСТОНАХОЖДЕНИЕ И ШИФР ХРАНЕНИЯ
Идентификатор организации NLR
Шифр хранения (Call Number) 2002-8/886
942 ## - ДОПОЛНИТЕЛЬНЫЕ ЭЛЕМЕНТЫ ЗАПИСИ (АБИС)
Тип экземпляра АБИС Книга

Нет доступных экземпляров.